000 00343nam a2200145 i 4500
001 bg
100 1 _aOCAN, Ju. S.
245 0 _aSbornik zadac po metodam matematiceskoj fiziki /
_cJu.S. Ocan.
250 _aIzd.2.
260 _aMoskva,
_c1973.
040 _cBPK
041 _apol
942 _cKS
008 s pl f |000 0 pol
999 _c26668
_d26668
856 _uhttp://koha.tu.koszalin.pl/cgi-bin/koha/opac-detail.pl?biblionumber=26668
_yKatalog online BPK